Podiums comparés (7) JP Tokyo / JP Paris par discipline - Statistiques

Statistiques générales
  • Ce quiz a été pris 3 fois
  • Le résultat moyen est 229 sur 468
Statistiques - réponses
Pays % Correct
Paris Aviron Quatre barré PR2 Argent Etats-Unis Mixte
100%
Paris Basket Or Etats-Unis H
100%
Paris Basket Argent Etats-Unis F
100%
Paris Canoë VL2 Bronze Etats-Unis H
100%
Paris Equitation Cat 1 Grand prix individuel Argent Etats-Unis Mixte
100%
Paris Equitation Cat 2 Grand prix individuel Or Etats-Unis Mixte
100%
Paris Equitation Cat 2 Grand prix libre Or Etats-Unis Mixte
100%
Paris Equitation Cat 3 Grand prix individuel Or Etats-Unis Mixte
100%
Paris Equitation Cat 3 Grand prix libre Or Etats-Unis Mixte
100%
Paris Equitation Cat 4 Grand prix libre Bronze Etats-Unis Mixte
100%
Paris Equitation Grand prix open par équipes Or Etats-Unis Mixte
100%
Paris rugby Argent Etats-Unis Mixte
100%
Paris Tir à l'arc Libre arc à poulies Or Etats-Unis H
100%
Paris Tir à l'arc W1 Or Etats-Unis F
100%
Paris Tir sportif Pistolet à 25 m SH1 Argent Etats-Unis Mixte
100%
Tokyo Aviron Quatre barré PR2 Argent Etats-Unis Mixte
100%
Tokyo Basket Or Etats-Unis H
100%
Tokyo Basket Bronze Etats-Unis F
100%
Tokyo Canoë VL2 Argent Etats-Unis H
100%
Tokyo Equitation Cat 1 Grand prix individuel Or Etats-Unis Mixte
100%
Tokyo Equitation Cat 1 Grand prix libre Or Etats-Unis Mixte
100%
Tokyo Equitation Grand prix open par équipes Bronze Etats-Unis Mixte
100%
Tokyo Goalball Argent Etats-Unis F
100%
Tokyo rugby Argent Etats-Unis Mixte
100%
Tokyo Tir à l'arc Libre arc classique Or Etats-Unis H
100%
Tokyo Taekwondo K44 + 75 kg Bronze Etats-Unis | Russie H
100%
Paris Aviron Quatre barré PR2 Bronze France Mixte
100%
Paris Aviron Skiff PR1 Bronze France F
100%
Paris Canoë KL1 Bronze France H
100%
Paris Canoë KL3 Argent France F
100%
Paris Escrime Fleuret par équipes Open Bronze France H
100%
Paris Tir sportif Carabine à 10 m air comprimé couché SH2 Or France Mixte
100%
Paris Tir sportif Carabine à 10 m air comprimé debout SH2 Argent France Mixte
100%
Paris Tir sportif Carabine à 50 m couché SH1 Bronze France Mixte
100%
Tokyo Aviron Quatre barré PR2 Bronze France Mixte
100%
Tokyo Aviron Skiff PR1 Bronze France F
100%
Tokyo Canoë KL1 Bronze France H
100%
Tokyo Canoë KL3 Argent France F
100%
Tokyo Escrime Fleuret par équipes Open Bronze France H
100%
Paris Taekwondo K44 + 80 kg Bronze Iran | Etats-Unis H
100%
Paris Canoë KL3 Or Algérie H
50%
Paris Basket Bronze Allemagne H
50%
Paris Canoë KL1 Bronze Allemagne F
50%
Paris Canoë KL2 Bronze Allemagne F
50%
Paris Canoë KL3 Bronze Allemagne F
50%
Paris Equitation Cat 2 Grand prix libre Bronze Allemagne Mixte
50%
Paris Equitation Cat 4 Grand prix individuel Bronze Allemagne Mixte
50%
Paris Equitation Cat 4 Grand prix libre Argent Allemagne Mixte
50%
Paris Equitation Cat 5 Grand prix individuel Argent Allemagne Mixte
50%
Paris Equitation Cat 5 Grand prix libre Bronze Allemagne Mixte
50%
Paris Equitation Grand prix open par équipes Bronze Allemagne Mixte
50%
Paris Escrime Sabre individuel Cat A Or Allemagne H
50%
Paris Tir sportif Carabine à 50 m 3 positions SH1 Or Allemagne F
50%
Paris Tir sportif Carabine à 50 m couché SH1 Or Allemagne Mixte
50%
Tokyo Canoë KL1 Or Allemagne F
50%
Tokyo Canoë KL3 Bronze Allemagne F
50%
Tokyo Tir sportif Carabine à 10 m air comprimé couché SH1 Or Allemagne Mixte
50%
Tokyo Tir sportif Carabine à 50 m 3 positions SH1 Argent Allemagne F
50%
Paris Boccia Paires BC3 Bronze Argentine Mixte
50%
Paris Football à 5 Argent Argentine H
50%
Tokyo Football à 5 Argent Argentine H
50%
Paris Canoë KL2 Or Australie H
50%
Paris Canoë KL3 Argent Australie H
50%
Paris Canoë VL2 Bronze Australie F
50%
Paris rugby Bronze Australie Mixte
50%
Tokyo Aviron Skiff PR1 Argent Australie H
50%
Tokyo Canoë KL2 Or Australie H
50%
Tokyo Canoë VL2 Argent Australie F
50%
Tokyo Canoë VL3 Or Australie H
50%
Tokyo Canoë VL3 Or Australie F
50%
Tokyo Taekwondo K44 + 58 kg Bronze Australie | Royaume-Uni F
50%
Tokyo Equitation Cat 2 Grand prix individuel Argent Autriche Mixte
50%
Tokyo Equitation Cat 2 Grand prix libre Argent Autriche Mixte
50%
Paris Equitation Cat 5 Grand prix individuel Or Belgique Mixte
50%
Paris Equitation Cat 5 Grand prix libre Or Belgique Mixte
50%
Tokyo Equitation Cat 4 Grand prix individuel Bronze Belgique Mixte
50%
Tokyo Equitation Cat 4 Grand prix libre Bronze Belgique Mixte
50%
Tokyo Equitation Cat 5 Grand prix individuel Or Belgique Mixte
50%
Tokyo Equitation Cat 5 Grand prix libre Bronze Belgique Mixte
50%
Paris Canoë KL1 Argent Brésil H
50%
Paris Canoë KL3 Bronze Brésil H
50%
Paris Canoë VL2 Or Brésil H
50%
Paris Canoë VL2 Argent Brésil H
50%
Paris Football à 5 Bronze Brésil H
50%
Paris Goalball Bronze Brésil H
50%
Paris Tir sportif Carabine à 10 m air comprimé couché SH2 Argent Brésil Mixte
50%
Tokyo Aviron Skiff PR1 Bronze Brésil H
50%
Tokyo Canoë KL1 Argent Brésil H
50%
Tokyo Canoë VL2 Or Brésil H
50%
Tokyo Canoë VL3 Argent Brésil H
50%
Tokyo Canoë VL3 Argent Brésil F
50%
Tokyo Equitation Cat 4 Grand prix individuel Argent Brésil Mixte
50%
Tokyo Escrime Epée individuelle Cat B Argent Brésil H
50%
Tokyo Football à 5 Or Brésil H
50%
Tokyo Goalball Or Brésil H
50%
Tokyo Taekwondo K44 + 58 kg Argent Brésil F
50%
Tokyo Taekwondo K44 - 61 kg Or Brésil H
50%
Paris Canoë VL2 Argent Canada F
50%
Paris Canoë KL1 Or Chili F
50%
Tokyo Canoë KL1 Bronze Chili F
50%
Tokyo Tir à l'arc Libre arc à poulies Argent Chili F
50%
Paris Aviron Deux de couple PR2 Argent Chine Mixte
50%
Paris Basket Bronze Chine F
50%
Paris Boccia Par équipe BC1-BC2 Or Chine Mixte
50%
Paris Canoë VL3 Bronze Chine F
50%
Paris Escrime Epée individuelle Cat A Or Chine H
50%
Paris Escrime Epée individuelle Cat A Or Chine F
50%
Paris Escrime Epée par équipes Open Or Chine H
50%
Paris Escrime Epée par équipes Open Or Chine F
50%
Paris Escrime Fleuret individuel Cat A Or Chine H
50%
Paris Escrime Fleuret individuel Cat A Bronze Chine H
50%
Paris Escrime Fleuret individuel Cat A Or Chine F
50%
Paris Escrime Fleuret individuel Cat A Argent Chine F
50%
Paris Escrime Fleuret individuel Cat B Argent Chine H
50%
Paris Escrime Fleuret individuel Cat B Bronze Chine H
50%
Paris Escrime Fleuret individuel Cat B Argent Chine F
50%
Paris Escrime Fleuret par équipes Open Or Chine H
50%
Paris Escrime Fleuret par équipes Open Or Chine F
50%
Paris Escrime Sabre individuel Cat A Or Chine F
50%
Paris Escrime Sabre individuel Cat B Or Chine H
50%
Paris Escrime Sabre individuel Cat B Bronze Chine H
50%
Paris Escrime Sabre individuel Cat B Argent Chine F
50%
Paris Goalball Bronze Chine F
50%
Paris Taekwondo K44 - 57 kg Or Chine F
50%
Paris Tir à l'arc Libre arc à poulies Argent Chine H
50%
Paris Tir à l'arc Libre arc à poulies Bronze Chine H
50%
Paris Tir à l'arc Libre arc classique Or Chine F
50%
Paris Tir à l'arc Libre arc classique Argent Chine F
50%
Paris Tir à l'arc W1 Argent Chine F
50%
Paris Tir à l'arc W1 Bronze Chine F
50%
Paris Tir à l'arc W1 Or Chine F
50%
Paris Tir à l'arc W1 Or Chine Mixte
50%
Paris Tir sportif Carabine à 50 m 3 positions SH1 Argent Chine H
50%
Paris Tir sportif Carabine à 50 m 3 positions SH1 Bronze Chine F
50%
Paris Tir sportif Pistolet à 10 m air comprimé SH1 Bronze Chine H
50%
Paris Tir sportif Pistolet à 25 m SH1 Or Chine Mixte
50%
Paris Tir sportif Pistolet à 50 m SH1 Or Chine Mixte
50%
Tokyo Aviron Deux de couple PR2 Bronze Chine Mixte
50%
Tokyo Basket Argent Chine F
50%
Tokyo Boccia Par équipe BC1-BC2 Argent Chine Mixte
50%
Tokyo Escrime Epée individuelle Cat A Bronze Chine H
50%
Tokyo Escrime Epée individuelle Cat A Argent Chine F
50%
Tokyo Escrime Epée individuelle Cat A Bronze Chine F
50%
Tokyo Escrime Epée individuelle Cat B Or Chine F
50%
Tokyo Escrime Epée par équipes Open Argent Chine H
50%
Tokyo Escrime Epée par équipes Open Or Chine F
50%
Tokyo Escrime Fleuret individuel Cat A Or Chine H
50%
Tokyo Escrime Fleuret individuel Cat A Or Chine F
50%
Tokyo Escrime Fleuret individuel Cat A Bronze Chine F
50%
Tokyo Escrime Fleuret individuel Cat B Or Chine H
50%
Tokyo Escrime Fleuret individuel Cat B Argent Chine H
50%
Tokyo Escrime Fleuret individuel Cat B Argent Chine F
50%
Tokyo Escrime Fleuret par équipes Open Or Chine H
50%
Tokyo Escrime Fleuret par équipes Open Or Chine F
50%
Tokyo Escrime Sabre individuel Cat A Or Chine H
50%
Tokyo Escrime Sabre individuel Cat A Bronze Chine H
50%
Tokyo Escrime Sabre individuel Cat A Or Chine F
50%
Tokyo Escrime Sabre individuel Cat B Or Chine H
50%
Tokyo Escrime Sabre individuel Cat B Or Chine F
50%
Tokyo Escrime Sabre individuel Cat B Bronze Chine F
50%
Tokyo Goalball Argent Chine H
50%
Tokyo Tir à l'arc Libre arc à poulies Or Chine H
50%
Tokyo Tir à l'arc Libre arc à poulies Bronze Chine H
50%
Tokyo Tir à l'arc Libre arc à poulies Or Chine Mixte
50%
Tokyo Tir à l'arc Libre arc classique Argent Chine H
50%
Tokyo Tir à l'arc Libre arc classique Bronze Chine F
50%
Tokyo Tir à l'arc Libre arc classique Bronze Chine Mixte
50%
Tokyo Tir à l'arc W1 Or Chine F
50%
Tokyo Tir à l'arc W1 Or Chine Mixte
50%
Tokyo Tir sportif Carabine à 10 m air comprimé debout SH1 Or Chine H
50%
Tokyo Tir sportif Carabine à 10 m air comprimé debout SH1 Argent Chine F
50%
Tokyo Tir sportif Carabine à 50 m 3 positions SH1 Or Chine F
50%
Tokyo Tir sportif Pistolet à 10 m air comprimé SH1 Or Chine H
50%
Tokyo Tir sportif Pistolet à 10 m air comprimé SH1 Argent Chine H
50%
Tokyo Tir sportif Pistolet à 25 m SH1 Or Chine Mixte
50%
Tokyo Taekwondo K44 - 58 kg Bronze Chine | Brésil F
50%
Paris Boccia Paires BC4 Or Colombie Mixte
50%
Paris Boccia Paires BC3 Argent Corée-du-Sud Mixte
50%
Paris Tir sportif Carabine à 10 m air comprimé debout SH1 Or Corée-du-Sud H
50%
Paris Tir sportif Carabine à 10 m air comprimé debout SH1 Argent Corée-du-Sud F
50%
Paris Tir sportif Carabine à 10 m air comprimé debout SH2 Bronze Corée-du-Sud Mixte
50%
Paris Tir sportif Carabine à 50 m 3 positions SH1 Or Corée-du-Sud H
50%
Paris Tir sportif Pistolet à 10 m air comprimé SH1 Or Corée-du-Sud H
50%
Paris Tir sportif Pistolet à 25 m SH1 Bronze Corée-du-Sud Mixte
50%
Tokyo Boccia Paires BC3 Or Corée-du-Sud Mixte
50%
Tokyo Tir sportif Carabine à 10 m air comprimé couché SH1 Argent Corée-du-Sud Mixte
50%
Tokyo Tir sportif Carabine à 10 m air comprimé debout SH1 Bronze Corée-du-Sud H
50%
Tokyo Tir sportif Carabine à 50 m 3 positions SH1 Bronze Corée-du-Sud H
50%
Tokyo Taekwondo K44 - 75 kg Bronze Corée-du-Sud | Argentine H
50%
Paris Equitation Cat 2 Grand prix individuel Argent Danemark Mixte
50%
Paris Tir sportif Carabine à 10 m air comprimé debout SH1 Bronze Danemark H
50%
Tokyo Equitation Cat 3 Grand prix individuel Or Danemark Mixte
50%
Tokyo Equitation Cat 3 Grand prix libre Or Danemark Mixte
50%
Tokyo Taekwondo K44 - 58 kg Or Danemark F
50%
Paris Taekwondo K44 - 63 kg Or Turquie H
50%
Tokyo Tir sportif Carabine à 50 m 3 positions SH1 Or Emirats Arabes Unis H
50%
Paris Escrime Fleuret individuel Cat A Bronze Espagne F
50%
Paris Tir sportif Carabine à 10 m air comprimé couché SH1 Bronze Espagne Mixte
50%
Tokyo Tir sportif Carabine à 50 m couché SH1 Bronze Espagne Mixte
50%
Paris Taekwondo K44 - 52 kg Bronze Géorgie | Turquie F
50%
Tokyo Boccia Paires BC3 Bronze Grèce Mixte
50%
Tokyo Escrime Sabre individuel Cat B Bronze Grèce H
50%
Paris Tir à l'arc Libre arc à poulies Bronze Inde Mixte
50%
Paris Tir à l'arc Libre arc classique Or Inde H
50%
Paris Tir sportif Carabine à 10 m air comprimé debout SH1 Or Inde F
50%
Paris Tir sportif Carabine à 10 m air comprimé debout SH1 Bronze Inde F
50%
Paris Tir sportif Pistolet à 10 m air comprimé SH1 Argent Inde H
50%
Paris Tir sportif Pistolet à 10 m air comprimé SH1 Bronze Inde F
50%
Tokyo Tir à l'arc Libre arc classique Bronze Inde H
50%
Tokyo Tir sportif Carabine à 10 m air comprimé debout SH1 Or Inde F
50%
Tokyo Tir sportif Carabine à 50 m 3 positions SH1 Bronze Inde F
50%
Tokyo Tir sportif Pistolet à 10 m air comprimé SH1 Bronze Inde H
50%
Tokyo Tir sportif Pistolet à 50 m SH1 Or Inde Mixte
50%
Tokyo Tir sportif Pistolet à 50 m SH1 Argent Inde Mixte
50%
Paris Escrime Epée par équipes Open Argent Irak H
50%
Paris Escrime Epée par équipes Open Argent Irak F
50%
Paris Taekwondo K44 - 52 kg Argent Iran F
50%
Paris Tir à l'arc Libre arc à poulies Argent Iran F
50%
Paris Tir à l'arc Libre arc à poulies Argent Iran Mixte
50%
Paris Tir à l'arc Libre arc classique Bronze Iran H
50%
Paris Tir sportif Pistolet à 10 m air comprimé SH1 Or Iran F
50%
Tokyo Taekwondo K44 + 75 kg Or Iran H
50%
Tokyo Taekwondo K44 - 75 kg Argent Iran H
50%
Tokyo Tir à l'arc Libre arc à poulies Argent Iran H
50%
Tokyo Tir à l'arc Libre arc classique Or Iran F
50%
Tokyo Tir sportif Pistolet à 10 m air comprimé SH1 Or Iran F
50%
Paris Taekwondo K44 - 80 kg Bronze Iran | Corée-du-Sud H
50%
Paris Aviron Skiff PR1 Bronze Italie H
50%
Paris Equitation Cat 1 Grand prix individuel Bronze Italie Mixte
50%
Paris Equitation Cat 1 Grand prix libre Argent Italie Mixte
50%
Paris Escrime Fleuret individuel Cat A Argent Italie H
50%
Paris Escrime Fleuret individuel Cat B Bronze Italie F
50%
Paris Escrime Fleuret par équipes Open Bronze Italie F
50%
Paris Escrime Sabre individuel Cat A Bronze Italie H
50%
Paris Tir à l'arc Libre arc classique Bronze Italie F
50%
Paris Tir à l'arc Libre arc classique Or Italie Mixte
50%
Paris Tir à l'arc W1 Bronze Italie Mixte
50%
Paris Tir sportif Pistolet à 50 m SH1 Bronze Italie Mixte
50%
Tokyo Canoë KL2 Bronze Italie H
50%
Tokyo Equitation Cat 1 Grand prix individuel Bronze Italie Mixte
50%
Tokyo Equitation Cat 1 Grand prix libre Bronze Italie Mixte
50%
Tokyo Escrime Fleuret individuel Cat B Or Italie F
50%
Tokyo Escrime Fleuret par équipes Open Argent Italie F
50%
Tokyo Tir à l'arc Libre arc à poulies Bronze Italie F
50%
Tokyo Tir à l'arc Libre arc classique Argent Italie F
50%
Tokyo Tir à l'arc Libre arc classique Argent Italie Mixte
50%
Tokyo Tir sportif Carabine à 10 m air comprimé debout SH2 Bronze Italie Mixte
50%
Paris Taekwondo K44 - 63 kg Bronze Italie | Maroc H
50%
Paris Boccia Par équipe BC1-BC2 Bronze Japon Mixte
50%
Paris Goalball Or Japon H
50%
Paris rugby Or Japon Mixte
50%
Paris Tir sportif Carabine à 10 m air comprimé couché SH2 Bronze Japon Mixte
50%
Tokyo Basket Argent Japon H
50%
Tokyo Boccia Paires BC3 Argent Japon Mixte
50%
Tokyo Boccia Par équipe BC1-BC2 Bronze Japon Mixte
50%
Tokyo Goalball Bronze Japon F
50%
Tokyo rugby Bronze Japon Mixte
50%
Paris Tir sportif Carabine à 10 m air comprimé debout SH1 Argent Kazakhstan H
50%
Tokyo Football à 5 Bronze Maroc H
50%
Paris Taekwondo K44 + 65 kg Bronze Maroc | Grèce F
50%
Paris Taekwondo K44 - 80 kg Argent Mexique H
50%
Tokyo Taekwondo K44 - 75 kg Or Mexique H
50%
Paris Taekwondo K44 - 52 kg Or Mongolie F
50%
Paris Taekwondo K44 - 63 kg Argent Mongolie H
50%
Paris Taekwondo K44 - 57 kg Bronze Népal | Brésil F
50%
Paris Aviron Skiff PR1 Argent Norvège F
50%
Tokyo Aviron Skiff PR1 Or Norvège F
50%
Tokyo Equitation Cat 3 Grand prix libre Bronze Norvège Mixte
50%
Paris Canoë VL3 Bronze Nouvelle-Zélande H
50%
Paris Taekwondo K44 + 65 kg Argent Ouzbékistan F
50%
Paris Taekwondo K44 - 80 kg Or Ouzbékistan H
50%
Paris Tir sportif Pistolet à 50 m SH1 Argent Ouzbékistan Mixte
50%
Tokyo Taekwondo K44 + 58 kg Or Ouzbékistan F
50%
Paris Basket Or Pays-Bas F
50%
Paris Equitation Cat 3 Grand prix individuel Argent Pays-Bas Mixte
50%
Paris Equitation Cat 3 Grand prix libre Argent Pays-Bas Mixte
50%
Paris Equitation Cat 4 Grand prix individuel Or Pays-Bas Mixte
50%
Paris Equitation Cat 4 Grand prix individuel Argent Pays-Bas Mixte
50%
Paris Equitation Cat 4 Grand prix libre Or Pays-Bas Mixte
50%
Paris Equitation Cat 5 Grand prix libre Argent Pays-Bas Mixte
50%
Paris Equitation Grand prix open par équipes Argent Pays-Bas Mixte
50%
Tokyo Aviron Deux de couple PR2 Argent Pays-Bas Mixte
50%
Tokyo Basket Or Pays-Bas F
50%
Tokyo Equitation Cat 3 Grand prix individuel Bronze Pays-Bas Mixte
50%
Tokyo Equitation Cat 4 Grand prix individuel Or Pays-Bas Mixte
50%
Tokyo Equitation Cat 4 Grand prix libre Or Pays-Bas Mixte
50%
Tokyo Equitation Cat 5 Grand prix individuel Bronze Pays-Bas Mixte
50%
Tokyo Equitation Cat 5 Grand prix libre Or Pays-Bas Mixte
50%
Tokyo Equitation Grand prix open par équipes Argent Pays-Bas Mixte
50%
Tokyo Taekwondo K44 - 49 kg Or Pérou F
50%
Paris Aviron Skiff PR1 Argent Pologne H
50%
Paris Escrime Epée individuelle Cat B Bronze Pologne H
50%
Paris Escrime Epée individuelle Cat B Bronze Pologne F
50%
Paris Escrime Sabre individuel Cat A Argent Pologne F
50%
Paris Escrime Sabre individuel Cat B Argent Pologne H
50%
Paris Tir à l'arc Libre arc classique Argent Pologne H
50%
Paris Tir sportif Carabine à 50 m 3 positions SH1 Bronze Pologne H
50%
Tokyo Escrime Sabre individuel Cat B Argent Pologne H
50%
Tokyo Tir sportif Pistolet à 25 m SH1 Argent Pologne Mixte
50%
Paris Aviron Deux de couple PR2 Or Royaume-Uni Mixte
50%
Paris Aviron Quatre barré PR2 Or Royaume-Uni Mixte
50%
Paris Aviron Skiff PR1 Or Royaume-Uni H
50%
Paris Basket Argent Royaume-Uni H
50%
Paris Canoë KL2 Argent Royaume-Uni H
50%
Paris Canoë KL2 Or Royaume-Uni F
50%
Paris Canoë KL2 Argent Royaume-Uni F
50%
Paris Canoë KL3 Or Royaume-Uni F
50%
Paris Canoë VL2 Or Royaume-Uni F
50%
Paris Canoë VL3 Argent Royaume-Uni H
50%
Paris Canoë VL3 Or Royaume-Uni F
50%
Paris Canoë VL3 Argent Royaume-Uni F
50%
Paris Equitation Cat 1 Grand prix libre Bronze Royaume-Uni Mixte
50%
Paris Equitation Cat 2 Grand prix individuel Bronze Royaume-Uni Mixte
50%
Paris Equitation Cat 2 Grand prix libre Argent Royaume-Uni Mixte
50%
Paris Equitation Cat 3 Grand prix individuel Bronze Royaume-Uni Mixte
50%
Paris Equitation Cat 3 Grand prix libre Bronze Royaume-Uni Mixte
50%
Paris Equitation Cat 5 Grand prix individuel Bronze Royaume-Uni Mixte
50%
Paris Escrime Epée individuelle Cat A Argent Royaume-Uni H
50%
Paris Escrime Epée individuelle Cat A Argent Royaume-Uni F
50%
Paris Escrime Epée individuelle Cat B Or Royaume-Uni H
50%
Paris Escrime Epée individuelle Cat B Or Royaume-Uni F
50%
Paris Escrime Epée par équipes Open Bronze Royaume-Uni H
50%
Paris Escrime Epée par équipes Open Bronze Royaume-Uni F
50%
Paris Escrime Fleuret individuel Cat B Or Royaume-Uni H
50%
Paris Escrime Fleuret par équipes Open Argent Royaume-Uni H
50%
Paris Escrime Sabre individuel Cat A Argent Royaume-Uni H
50%
Paris Taekwondo K44 + 65 kg Or Royaume-Uni F
50%
Paris Taekwondo K44 + 80 kg Or Royaume-Uni H
50%
Paris Tir à l'arc Libre arc à poulies Bronze Royaume-Uni F
50%
Paris Tir à l'arc Libre arc à poulies Or Royaume-Uni Mixte
50%
Paris Tir sportif Carabine à 50 m couché SH2 Bronze Royaume-Uni Mixte
50%
Tokyo Aviron Deux de couple PR2 Or Royaume-Uni Mixte
50%
Tokyo Aviron Quatre barré PR2 Or Royaume-Uni Mixte
50%
Tokyo Basket Bronze Royaume-Uni H
50%
Tokyo Canoë KL2 Or Royaume-Uni F
50%
Tokyo Canoë KL2 Argent Royaume-Uni F
50%
Tokyo Canoë KL3 Bronze Royaume-Uni H
50%
Tokyo Canoë KL3 Or Royaume-Uni F
50%
Tokyo Canoë VL2 Or Royaume-Uni F
50%
Tokyo Canoë VL2 Bronze Royaume-Uni F
50%
Tokyo Canoë VL3 Bronze Royaume-Uni H
50%
Tokyo Canoë VL3 Bronze Royaume-Uni F
50%
Tokyo Equitation Cat 2 Grand prix individuel Or Royaume-Uni Mixte
50%
Tokyo Equitation Cat 2 Grand prix individuel Bronze Royaume-Uni Mixte
50%
Tokyo Equitation Cat 2 Grand prix libre Or Royaume-Uni Mixte
50%
Tokyo Equitation Cat 2 Grand prix libre Bronze Royaume-Uni Mixte
50%
Tokyo Equitation Cat 3 Grand prix individuel Argent Royaume-Uni Mixte
50%
Tokyo Equitation Cat 3 Grand prix libre Argent Royaume-Uni Mixte
50%
Tokyo Equitation Cat 5 Grand prix individuel Argent Royaume-Uni Mixte
50%
Tokyo Equitation Grand prix open par équipes Or Royaume-Uni Mixte
50%
Tokyo Escrime Epée individuelle Cat A Or Royaume-Uni H
50%
Tokyo Escrime Epée individuelle Cat B Bronze Royaume-Uni H
50%
Tokyo Escrime Epée par équipes Open Bronze Royaume-Uni H
50%
Tokyo Escrime Fleuret individuel Cat B Bronze Royaume-Uni H
50%
Tokyo Escrime Fleuret par équipes Open Argent Royaume-Uni H
50%
Tokyo rugby Or Royaume-Uni Mixte
50%
Tokyo Taekwondo K44 - 58 kg Argent Royaume-Uni F
50%
Tokyo Tir à l'arc Libre arc à poulies Or Royaume-Uni F
50%
Tokyo Tir à l'arc W1 Bronze Royaume-Uni F
50%
Tokyo Boccia Paires BC4 Bronze Russie Mixte
50%
Tokyo Canoë KL3 Argent Russie H
50%
Tokyo Escrime Epée individuelle Cat A Argent Russie H
50%
Tokyo Escrime Epée individuelle Cat B Or Russie H
50%
Tokyo Escrime Epée individuelle Cat B Argent Russie F
50%
Tokyo Escrime Epée par équipes Open Or Russie H
50%
Tokyo Escrime Epée par équipes Open Bronze Russie F
50%
Tokyo Escrime Fleuret individuel Cat A Bronze Russie H
50%
Tokyo Escrime Fleuret individuel Cat B Bronze Russie F
50%
Tokyo Tir à l'arc Libre arc à poulies Bronze Russie Mixte
50%
Tokyo Tir à l'arc Libre arc classique Or Russie Mixte
50%
Tokyo Tir à l'arc W1 Bronze Russie Mixte
50%
Tokyo Tir sportif Pistolet à 50 m SH1 Bronze Russie Mixte
50%
Tokyo Taekwondo K44 - 49 kg Bronze Russie | Thaïlande F
50%
Paris Tir sportif Carabine à 50 m couché SH1 Argent Suède Mixte
50%
Tokyo Equitation Cat 4 Grand prix libre Argent Suède Mixte
50%
Tokyo Equitation Cat 5 Grand prix libre Argent Suède Mixte
50%
Tokyo Tir sportif Carabine à 10 m air comprimé debout SH2 Or Suède Mixte
50%
Tokyo Tir sportif Carabine à 50 m couché SH1 Argent Suède Mixte
50%
Paris Tir à l'arc W1 Argent Tchéquie F
50%
Paris Tir à l'arc W1 Bronze Tchéquie F
50%
Paris Tir à l'arc W1 Argent Tchéquie Mixte
50%
Tokyo Tir à l'arc W1 Or Tchéquie H
50%
Tokyo Tir à l'arc W1 Argent Tchéquie F
50%
Tokyo Tir à l'arc W1 Argent Tchéquie Mixte
50%
Paris Escrime Epée individuelle Cat A Bronze Turquie H
50%
Paris Escrime Epée individuelle Cat A Bronze Turquie F
50%
Paris Goalball Or Turquie F
50%
Paris Taekwondo K44 - 57 kg Argent Turquie F
50%
Paris Tir à l'arc Libre arc à poulies Or Turquie F
50%
Paris Tir à l'arc Libre arc classique Argent Turquie Mixte
50%
Paris Tir sportif Pistolet à 10 m air comprimé SH1 Argent Turquie F
50%
Tokyo Goalball Or Turquie F
50%
Tokyo Taekwondo K44 - 49 kg Argent Turquie F
50%
Tokyo Tir à l'arc Libre arc à poulies Argent Turquie Mixte
50%
Tokyo Tir à l'arc W1 Argent Turquie H
50%
Tokyo Tir à l'arc W1 Bronze Turquie H
50%
Tokyo Tir sportif Pistolet à 10 m air comprimé SH1 Argent Turquie F
50%
Tokyo Taekwondo K44 - 61 kg Bronze Turquie | Russie H
50%
Paris Canoë KL1 Argent Ukraine F
50%
Paris Canoë KL2 Bronze Ukraine H
50%
Paris Canoë VL3 Or Ukraine H
50%
Paris Escrime Sabre individuel Cat B Bronze Ukraine F
50%
Paris Goalball Argent Ukraine H
50%
Tokyo Aviron Skiff PR1 Or Ukraine H
50%
Tokyo Canoë KL1 Argent Ukraine F
50%
Tokyo Canoë KL2 Argent Ukraine H
50%
Tokyo Canoë KL3 Or Ukraine H
50%
Tokyo Escrime Epée par équipes Open Argent Ukraine F
50%
Tokyo Escrime Fleuret individuel Cat A Argent Ukraine F
50%
Tokyo Escrime Sabre individuel Cat A Argent Ukraine H
50%
Tokyo Escrime Sabre individuel Cat A Bronze Ukraine F
50%
Tokyo Escrime Sabre individuel Cat B Argent Ukraine F
50%
Tokyo Tir sportif Carabine à 10 m air comprimé couché SH1 Bronze Ukraine Mixte
50%
Tokyo Tir sportif Carabine à 10 m air comprimé couché SH2 Argent Ukraine Mixte
50%
Tokyo Tir sportif Carabine à 10 m air comprimé debout SH1 Argent Ukraine H
50%
Tokyo Tir sportif Carabine à 10 m air comprimé debout SH1 Bronze Ukraine F
50%
Tokyo Tir sportif Carabine à 50 m couché SH2 Bronze Ukraine Mixte
50%
Tokyo Tir sportif Pistolet à 25 m SH1 Bronze Ukraine Mixte
50%
Tokyo Taekwondo K44 + 75 kg Argent Croatie H
0%
Tokyo Taekwondo K44 - 61 kg Argent Egypte H
0%
Paris Escrime Sabre individuel Cat A Bronze Géorgie F
0%
Paris Tir sportif Carabine à 50 m couché SH2 Argent Géorgie Mixte
0%
Tokyo Escrime Sabre individuel Cat A Argent Géorgie F
0%
Paris Boccia Paires BC3 Or Hong Kong Mixte
0%
Paris Boccia Paires BC4 Argent Hong Kong Mixte
0%
Tokyo Boccia Paires BC4 Argent Hong Kong Mixte
0%
Paris Canoë KL1 Or Hongrie H
0%
Paris Escrime Fleuret par équipes Open Argent Hongrie F
0%
Tokyo Canoë KL1 Or Hongrie H
0%
Tokyo Canoë KL2 Bronze Hongrie F
0%
Tokyo Escrime Epée individuelle Cat A Or Hongrie F
0%
Tokyo Escrime Fleuret individuel Cat A Argent Hongrie H
0%
Tokyo Escrime Fleuret par équipes Open Bronze Hongrie F
0%
Tokyo Tir sportif Pistolet à 10 m air comprimé SH1 Bronze Hongrie F
0%
Paris Boccia Par équipe BC1-BC2 Argent Indonésie Mixte
0%
Paris Aviron Deux de couple PR2 Bronze Israël Mixte
0%
Paris Aviron Skiff PR1 Or Israël F
0%
Paris Goalball Argent Israël F
0%
Tokyo Aviron Skiff PR1 Argent Israël F
0%
Paris Equitation Cat 1 Grand prix individuel Or Lettonie Mixte
0%
Paris Equitation Cat 1 Grand prix libre Or Lettonie Mixte
0%
Tokyo Equitation Cat 1 Grand prix individuel Argent Lettonie Mixte
0%
Tokyo Equitation Cat 1 Grand prix libre Argent Lettonie Mixte
0%
Tokyo Goalball Bronze Lituanie H
0%
Paris Taekwondo K44 + 80 kg Argent Neutres H
0%
Paris Football à 5 Or Paris H
0%
Tokyo Canoë VL2 Bronze Portugal H
0%
Paris Tir sportif Carabine à 50 m couché SH2 Or Serbie Mixte
0%
Tokyo Tir sportif Carabine à 10 m air comprimé couché SH2 Or Serbie Mixte
0%
Tokyo Tir sportif Carabine à 50 m 3 positions SH1 Argent Serbie H
0%
Tokyo Tir sportif Carabine à 50 m couché SH2 Or Serbie Mixte
0%
Tokyo Tir sportif Carabine à 50 m couché SH2 Argent Serbie Mixte
0%
Paris Tir sportif Carabine à 10 m air comprimé couché SH1 Or Slovaquie Mixte
0%
Paris Tir sportif Carabine à 10 m air comprimé couché SH1 Argent Slovaquie Mixte
0%
Paris Tir sportif Carabine à 50 m 3 positions SH1 Argent Slovaquie F
0%
Tokyo Boccia Paires BC4 Or Slovaquie Mixte
0%
Tokyo Tir sportif Carabine à 50 m couché SH1 Or Slovaquie Mixte
0%
Paris Tir à l'arc Libre arc classique Bronze Slovénie Mixte
0%
Paris Tir sportif Carabine à 10 m air comprimé debout SH2 Or Slovénie Mixte
0%
Tokyo Tir sportif Carabine à 10 m air comprimé couché SH2 Bronze Slovénie Mixte
0%
Tokyo Tir sportif Carabine à 10 m air comprimé debout SH2 Argent Slovénie Mixte
0%
Paris Boccia Paires BC4 Bronze Thaïlande Mixte
0%
Paris Escrime Epée individuelle Cat B Argent Thaïlande H
0%
Paris Escrime Epée individuelle Cat B Argent Thaïlande F
0%
Paris Escrime Fleuret individuel Cat B Or Thaïlande F
0%
Paris Escrime Sabre individuel Cat B Or Thaïlande F
0%
Tokyo Boccia Par équipe BC1-BC2 Or Thaïlande Mixte
0%
Tokyo Escrime Epée individuelle Cat B Bronze Thaïlande F
0%
Aucun quiz correspondant
Distribution des résultats
% des personnes avec chaque résultat
Percentile par nombre de réponses
Votre historique - résultats
Vous n’avez pas pris ce quiz